000
00291nam a2200097Ia 4500
008
240331s9999 xx 000 0 und d
082
_b
WOM
100
_a
Center for Reproductive Right. ed
245
0
_a
Women of the worls :
_b
and policies affecting their reproductuve lives South Asia
942
_c
L
999
_c
4458
_d
4458